000 00500nam a2200181Ia 4500
003 GCL
008 140319s9999 xx 000 0 eng d
040 _aGCL /
_cGCL
082 0 4 _a630.523
_bS G
100 1 _aSLAFER, GUSTANO A
245 1 0 _aGENETIC IMPROVEMENT OF FIELCL CROPS /
_cSLAFER, GUSTANO A
260 _a[S.N] :
_bMARCEL DEKKER, INC ،
_c1993
300 _a470 P
650 0 4 _aFIELCL CROPS BREEDING
650 0 4 _aFIELD CROPS GEMETICS
650 0 4 _aCROP IMPROVEMENT
942 _2ddc
_cBK
999 _c15437
_d15437